=LDR 00000nam 2200000 4500 =001 INLIS000000000016276 =005 20130612111539 =008 ***********************************Ind** =035 ##$$0010-061300000016276 =041 ##$$a Ind =082 ##$$a 372.8 =090 ##$$a 372. 8, Ahm p =100 ##$$a Ahmadi, H. Abu =245 ##$$a Pendidikan pancasila dan kewarganegaraan untuk SD, berdasarkan kurikulum pendidikan dasar 1994 GBPP sekolah dasar, H. Abu Ahmadi =260 ##$$a 1996 $b Solo =300 ##$$a ...jil., ilus, 28 cm =650 ##$$a Pendidikan dasar =650 ##$$a PPkn =850 ##$$a NBPNMAT